Распоряжение ГКО СССР № 4679 о мерах по обеспечению бесперебойной вывозки торфа электростанциям в зимнее время, с приложением до...

RUSMARC
00005465cbm0a2200337#x 450
001559f6c38-420f-4792-a1be-de7fa8442d24
00520250702133854.0
100##$a20250701j19431126k###0rusy50 ca
1010#$arus
102##$aRU
105##$ay###z########
1220#$ad19431126##
2001#$aРаспоряжение ГКО СССР № 4679 о мерах по обеспечению бесперебойной вывозки торфа электростанциям в зимнее время, с приложением докладной записки Павленко А. С. и Жулина И. В. Маленкову Г. М.
$j26 ноября 1943 г.
251##$cДокумент
300##$aРассылочный и подлинный экземпляры
461#0$12001
$aФ. 644
$1251
$cФонд
$1852
$j644
462#0$12001
$aОп. 1
$1251
$cОпись
$1852
$j1
60101$2nlr_sh
$3RU\NLR\AUTH\6601614128
$aСССР
$bГосударственный Комитет Обороны
$xИстория
$z1941 - 1945
$jДокументы и материалы
605##$2prlib_sh
$3LIBNET\UAF\0000088514
$aВторая мировая война в архивных документах (Комплекс оцифрованных архивных документов, кино- и фотоматериалов)
$lколлекция
605##$2acquisition_Prlib
$3DITM\AF\0000002775
$aВласть
$lколлекция
6061#$2nlr_sh
$3RU\NLR\AUTH\661280795
$aВеликая Отечественная война
$z1941 - 1945
$xТыл(воен.)
$jДокументы и материалы
6061#$2nlr_sh
$3RU\NLR\AUTH\661323374
$aПромышленность
$xИстория
$yСССР
$z1941 - 1945
$jДокументы и материалы
6061#$2nlr_sh1
$3RU\NLR\AUTH\661201157
$aТорфяная промышленность
$xТранспортное обслуживание
$jДокументы и материалы
686##$a63.3(2)622-2ю1
$2rubbk
$vLBC/M
686##$a65.03(2)622ю1
$2rubbk
$vLBC/M
686##$a65.305.143.5-03ю1
$2rubbk
$vLBC/M
801#0$aRU
$bПБ им. Б.Н. Ельцина
$c20250701
801#1$aRU
$bПБ им. Б.Н. Ельцина
$c20250701
$2rusmarc
801#2$aRU
$bПБ им. Б.Н. Ельцина
$c20250702
$2rusmarc
850##$aРоссийский государственный архив социально-политической истории
852##$aРГАСПИ
$jД. 179. Л. 179-179об.; Оп. 2. Д. 249. Л. 33-34об.
035##$aLIBNET\0001483442
937##$d196876641
$hФедеральное архивное агентство
8564#$uhttp://readingroom.main.prlib.ru/item.aspx?id_node=n196876641&mode=full
Формат отображения